Hình học họa hình

Zapisane w:
Opis bibliograficzny
1. autor: Nguyễn, Quang Cự
Format: Książka
Język:Undetermined
Wydane: H. ĐHSP 2003
Hasła przedmiotowe:
Dostęp online:http://lrc.tdmu.edu.vn/opac/search/detail.asp?aID=2&ID=5754
Etykiety: Dodaj etykietę
Nie ma etykietki, Dołącz pierwszą etykiete!
Thư viện lưu trữ: Trung tâm Học liệu Trường Đại học Thủ Dầu Một
LEADER 00547nam a2200193Ia 4500
001 TDMU_5754
008 210410s9999 xx 000 0 und d
082 |a 516 
090 |b NG525 
100 |a Nguyễn, Quang Cự 
245 0 |a Hình học họa hình 
245 0 |c Nguyễn Quang Cự 
260 |a H. 
260 |b ĐHSP 
260 |c 2003 
300 |a 241tr. 
650 |a Hình học 
856 |u http://lrc.tdmu.edu.vn/opac/search/detail.asp?aID=2&ID=5754 
980 |a Trung tâm Học liệu Trường Đại học Thủ Dầu Một